000 00365nam a2200133Ia 4500
008 240624s9999 xx 000 0 und d
041 _aeng
082 _a891.46 PAT
100 _aPATTANAIK DEVDATT
245 _aSITA RAMAYANACHE CHITRAMAY PUNARKATHAN M
260 _c2015
_aBhopal
_bManjul Publishing House Pvt. Ltd.
300 _a344 p.; 23 cm.
365 _cRS
_b20
999 _c30790
_d30790